<?xml version="1.0" encoding="UTF-8"?><?xml-stylesheet type="text/xsl" href="static/style.xsl"?><OAI-PMH xmlns="http://www.openarchives.org/OAI/2.0/" xmlns:xsi="http://www.w3.org/2001/XMLSchema-instance" xsi:schemaLocation="http://www.openarchives.org/OAI/2.0/ http://www.openarchives.org/OAI/2.0/OAI-PMH.xsd"><responseDate>2026-06-01T14:55:01Z</responseDate><request verb="GetRecord" identifier="oai:riuma.uma.es:10630/12358" metadataPrefix="marc">https://riuma.uma.es/rest/oai/request</request><GetRecord><record><header><identifier>oai:riuma.uma.es:10630/12358</identifier><datestamp>2026-02-03T12:03:16Z</datestamp><setSpec>com_10630_2254</setSpec><setSpec>col_10630_37959</setSpec></header><metadata><record xmlns="http://www.loc.gov/MARC21/slim" xmlns:dcterms="http://purl.org/dc/terms/" xmlns:doc="http://www.lyncode.com/xoai" xmlns:xsi="http://www.w3.org/2001/XMLSchema-instance" xsi:schemaLocation="http://www.loc.gov/MARC21/slim http://www.loc.gov/standards/marcxml/schema/MARC21slim.xsd">
   <leader>00925njm 22002777a 4500</leader>
   <datafield ind2=" " ind1=" " tag="042">
      <subfield code="a">dc</subfield>
   </datafield>
   <datafield ind2=" " ind1=" " tag="720">
      <subfield code="a">Blanco-Arana, María del Carmen</subfield>
      <subfield code="e">author</subfield>
   </datafield>
   <datafield ind2=" " ind1=" " tag="720">
      <subfield code="a">Pérez-Moreno, Salvador Jesús</subfield>
      <subfield code="e">author</subfield>
   </datafield>
   <datafield ind2=" " ind1=" " tag="720">
      <subfield code="a">Bárcena-Martín, Elena María</subfield>
      <subfield code="e">author</subfield>
   </datafield>
   <datafield ind2=" " ind1=" " tag="260">
      <subfield code="c">2016-11-10</subfield>
   </datafield>
   <datafield ind2=" " ind1=" " tag="520">
      <subfield code="a">Entre 1990 y 2010 la mortalidad infantil ha decrecido en los Países Menos Adelantados (PMA) en términos generales, aunque con significativas diferencias entre países y entre periodos. Obviamente, dicha evolución se ha visto afectada por la situación económica de los países. Este trabajo examina la relación a corto plazo entre las fluctuaciones económicas y la evolución de la mortalidad infantil en los PMA durante el periodo 1990-2010. Para ello, realizamos un análisis de varianza discriminando entre periodos con crecimiento y decrecimiento en el Producto Interior Bruto (PIB) per cápita, que complementamos con un análisis de regresión para datos de panel con objeto de comprobar los efectos asimétricos de las variaciones del PIB per cápita sobre las tasas de mortalidad infantil en periodos de recesión y expansión económica. La significatividad de los efectos de los cambios en la coyuntura económica se reduce cuando consideramos variables control como el nivel educativo de las mujeres, la prevalencia del SIDA y la tasa bruta de natalidad.</subfield>
   </datafield>
   <datafield ind1="8" ind2=" " tag="024">
      <subfield code="a">http://hdl.handle.net/10630/12358</subfield>
   </datafield>
   <datafield tag="653" ind2=" " ind1=" ">
      <subfield code="a">Economía - Aspectos sociológicos</subfield>
   </datafield>
   <datafield ind2="0" ind1="0" tag="245">
      <subfield code="a">Impacto del ciclo económico sobre la evolución de la supervivencia infantil en los países menos adelantados</subfield>
   </datafield>
</record>
</metadata></record></GetRecord></OAI-PMH>